| 000 | 01077nam0a2200313 4500 | ||
|---|---|---|---|
| 001 | RU\NLR\BIBL_A\011238640 | ||
| 005 | 20161028132959.0 | ||
| 010 | _a978-5-906889-09-6 | ||
| 021 |
_aRU _b2016-73435 _94753 |
||
| 035 | _a(NLR Aleph) 011238640 | ||
| 090 |
_a12109609 _c12109609 |
||
| 100 | _a20161012d2016 bc y0rusy50 ca | ||
| 101 | 0 | _arus | |
| 102 | _aRU | ||
| 105 | _aa z 000gy | ||
| 200 | 1 |
_aДед Мороз _e[сборник стихотворений _eкнижка с вырубкой _eдля дошкольного возраста] _fхудож. Т. Шеварёва |
|
| 210 |
_aМосква _cСтрекоза _d2016 |
||
| 215 |
_a[17] с. _cцв. ил. _d28 |
||
| 225 | 1 | _aСерия "Издаётся более..." | |
| 300 | _aНа обл.: Изд. более 35 лет | ||
| 333 | _a0+ | ||
| 686 | 0 | _aШ9(2)60=Р7-5я43 | |
| 702 | 1 |
_aШеварева _bТ. П. _f1929- _gТамара Петровна _3RU\NLR\AUTH\770164798 _4040 |
|
| 942 | _cBOOK | ||
| 980 | _aNBR | ||
| 980 | _aNB | ||